[Event "Maringa op 1st"]
[Site "Maringa"]
[Date "2024.07.27"]
[Round "3"]
[White "Moreira, Nickolas Misturini"]
[Black "Gomes, Dioni De Souza"]
[Result "0-1"]
[WhiteElo "1706"]
[BlackElo "1800"]
[PlyCount "130"]
[EventDate "2024.07.26"]
[EventType "swiss"]
[EventRounds "6"]
[EventCountry "BRA"]
[SourceTitle "CBM 221 Extra"]
[Source "ChessBase"]
[SourceDate "2024.09.30"]
[SourceVersion "1"]
[SourceVersionDate "2024.09.30"]
[SourceQuality "1"]

1. e4 e6 2. d4 d5 3. Nd2 c5 4. c3 Nc6 5. Ngf3 Qb6 6. exd5 exd5 7. Nb3 cxd4 8. Nfxd4 Nf6 9. Be3 Qd8 10. Bd3 Be7 11. 0-0 0-0 12. Qc2 Ne5 13. Bf5 Nc4 14. Rfe1 Nxe3 15. Rxe3 g6 16. Bxc8 Rxc8 17. Rae1 Bd6 18. Qd1 a6 19. h3 Ne4 20. Nd2 Nxd2 21. Qxd2 Bf4 22. Qd1 Bxe3 23. Rxe3 Qb6 24. Nb3 Rcd8 25. Qe2 Qc6 26. Nd4 Qc4 27. Nb3 Qxe2 28. Rxe2 Rfe8 29. Kf1 b6 30. Nd4 Rxe2 31. Kxe2 Re8+ 32. Kd2 a5 33. Nb5 Re5 34. f4 Re7 35. Nd4 Rb7 36. a4 Kg7 37. g3 h5 38. Nc6 Kf6 39. Nd4 Rb8 40. Ne2 b5 41. axb5 Rxb5 42. Kc2 g5 43. fxg5+ Kxg5 44. Nd4 Rb8 45. Ne2 h4 46. g4 Re8 47. Kd3 Rb8 48. Kc2 Kf6 49. Nd4 Rb6 50. Nf3 Rb8 51. Kc1 Ra8 52. Kc2 Ke7 53. Nxh4 Rh8 54. Nf5+ Kf6 55. h4 Ke5 56. Kd3 Kf4 57. Ne3 Rb8 58. Nxd5+ Kxg4 59. Kc2 Kxh4 60. c4 f5 61. Kc3 Kg3 62. c5 f4 63. Nb4 f3 64. Nc2 a4 65. Ne3 Rb3+ 0-1

[Event "Caioba op-B 8th"]
[Site "Caioba"]
[Date "2024.06.28"]
[Round "2"]
[White "Filadelfo Nunes, Jose Lucas"]
[Black "Moreira, Nickolas Misturini"]
[Result "1/2-1/2"]
[WhiteElo "1800"]
[BlackElo "1706"]
[PlyCount "72"]
[EventDate "2024.06.28"]
[EventType "swiss"]
[EventRounds "5"]
[EventCountry "BRA"]
[SourceTitle "EXT 2025"]
[Source "ChessBase"]
[SourceDate "2024.10.14"]
[SourceVersion "1"]
[SourceVersionDate "2024.10.14"]
[SourceQuality "1"]

1. e4 Nf6 2. Nc3 d5 3. exd5 Nxd5 4. Bc4 c6 5. Qf3 Nf6 6. h3 e5 7. Nge2 Bc5 8. 0-0 0-0 9. d3 h6 10. Ng3 Re8 11. Nh5 Be6 12. Nxf6+ Qxf6 13. Qxf6 gxf6 14. Ne4 Be7 15. Bxe6 fxe6 16. Bxh6 Nd7 17. Rad1 c5 18. f4 Kh7 19. fxe5 f5 20. Ng5+ Kxh6 21. Nxe6 Bd8 22. Nxd8 Raxd8 23. Rxf5 Nxe5 24. Rdf1 Kg6 25. Rf6+ Kg7 26. R6f5 Kg6 27. Rf6+ Kg7 28. R6f5 Rd7 29. Rg5+ Ng6 30. Rxc5 Re2 31. Rc4 Ne5 32. Rc3 Ng6 33. Rc4 Ne5 34. Rc3 Ng6 35. Rc4 Ne5 36. Rc3 Ng6 1/2-1/2

[Event "Caioba op-B 8th"]
[Site "Caioba"]
[Date "2024.06.28"]
[Round "1"]
[White "Moreira, Nickolas Misturini"]
[Black "Kamer, Gustavo"]
[Result "1-0"]
[WhiteElo "1706"]
[BlackElo "1762"]
[PlyCount "161"]
[EventDate "2024.06.28"]
[EventType "swiss"]
[EventRounds "5"]
[EventCountry "BRA"]
[SourceTitle "EXT 2025"]
[Source "ChessBase"]
[SourceDate "2024.10.14"]
[SourceVersion "1"]
[SourceVersionDate "2024.10.14"]
[SourceQuality "1"]

1. e4 c5 2. Nf3 Nc6 3. d4 cxd4 4. Nxd4 g6 5. Be3 Bg7 6. Nc3 Nf6 7. f3 0-0 8. Qd2 d5 9. exd5 Nxd5 10. Nxc6 bxc6 11. Rd1 Bf5 12. Bd4 e5 13. Bc5 Re8 14. Bd3 Nxc3 15. bxc3 e4 16. fxe4 Bxe4 17. 0-0 Qa5 18. Bd4 Qxa2 19. Bxg7 Kxg7 20. Qf4 Bxd3 21. Rxd3 Qe6 22. Rh3 h5 23. Qg5 Rad8 24. Rxh5 Qe3+ 25. Qxe3 Rxe3 26. Ra5 Rd7 27. Rc5 Re2 28. Rg5 Rxc2 29. Rg3 Rcd2 30. Rgf3 R2d3 31. Kf2 Rxf3+ 32. gxf3 Rd5 33. Ke3 Kf6 34. Ra1 a5 35. Ra4 Ke6 36. f4 Kd6 37. h3 Rh5 38. h4 Kc7 39. Re4 Kb6 40. Re8 a4 41. Rb8+ Ka5 42. Ra8+ Kb5 43. Rb8+ Kc4 44. Rb4+ Kxc3 45. Rxa4 Rxh4 46. Ra7 Rh3+ 47. Ke4 f5+ 48. Ke5 Kb4 49. Rb7+ Kc5 50. Rb1 Re3+ 51. Kf6 Re4 52. Rf1 Kd4 53. Kxg6 Re3 54. Kxf5 c5 55. Kg6 c4 56. f5 c3 57. f6 c2 58. f7 Rg3+ 59. Kf6 Rf3+ 60. Rxf3 c1Q 61. f8Q Qc6+ 62. Kg7 Qd7+ 63. Kh8 Qe6 64. Qf6+ Qxf6+ 65. Rxf6 Ke5 66. Kg7 Ke4 67. Kg6 Ke5 68. Kg5 Ke4 69. Rf5 Kd4 70. Kf4 Kd3 71. Rd5+ Kc4 72. Ke4 Kc3 73. Rd4 Kc2 74. Rd3 Kb2 75. Kd4 Kc2 76. Kc4 Kb2 77. Rc3 Ka2 78. Rb3 Ka1 79. Kc3 Ka2 80. Kc2 Ka1 81. Ra3# 1-0

[Event "Caioba op 7th"]
[Site "Caioba"]
[Date "2023.06.21"]
[Round "5"]
[White "Moreira, Nickolas Misturini"]
[Black "Souza, Gustavo Horokoski"]
[Result "0-1"]
[WhiteElo "1498"]
[BlackElo "1953"]
[PlyCount "92"]
[EventDate "2023.06.18"]
[EventType "swiss"]
[EventRounds "9"]
[EventCountry "BRA"]
[SourceTitle "CBM 214 Extra"]
[Source "ChessBase"]
[SourceDate "2023.07.31"]
[SourceVersion "1"]
[SourceVersionDate "2023.07.31"]
[SourceQuality "1"]

1. d4 Nf6 2. e3 g6 3. Bd3 Bg7 4. f4 0-0 5. Nf3 d6 6. c3 c5 7. 0-0 Nc6 8. Nbd2 e5 9. fxe5 dxe5 10. Bb5 exd4 11. cxd4 cxd4 12. Bxc6 dxe3 13. Nc4 bxc6 14. Bxe3 Ba6 15. Rc1 Nd5 16. Bg5 Qb8 17. b3 h6 18. Bd2 Rd8 19. Qc2 Nb4 20. Bxb4 Qxb4 21. Rfd1 Rd5 22. Rd2 Rad8 23. Rcd1 Bc3 24. Rxd5 cxd5 25. Nce5 Bxe5 26. Nxe5 Re8 27. Nd3 Bxd3 28. Qxd3 Re1+ 29. Rxe1 Qxe1+ 30. Qf1 Qe3+ 31. Qf2 d4 32. Kf1 Qd3+ 33. Qe2 Qb1+ 34. Kf2 Qf5+ 35. Ke1 d3 36. Qe3 Qa5+ 37. Qd2 Qe5+ 38. Kf2 Qd4+ 39. Kf3 g5 40. g3 Kg7 41. h3 f5 42. h4 g4+ 43. Kg2 Qe4+ 44. Kf2 Qf3+ 45. Ke1 Qxg3+ 46. Kd1 Qg1+ 0-1

[Event "Caioba op 7th"]
[Site "Caioba"]
[Date "2023.06.18"]
[Round "1"]
[White "Moreira, Nickolas Misturini"]
[Black "Duarte Napoles, Fanny"]
[Result "0-1"]
[WhiteElo "1498"]
[BlackElo "2191"]
[PlyCount "62"]
[EventDate "2023.06.18"]
[EventType "swiss"]
[EventRounds "9"]
[EventCountry "BRA"]
[SourceTitle "CBM 214 Extra"]
[Source "ChessBase"]
[SourceDate "2023.07.31"]
[SourceVersion "1"]
[SourceVersionDate "2023.07.31"]
[SourceQuality "1"]

1. e4 e5 2. Nf3 Nc6 3. Bc4 Bc5 4. d3 Nf6 5. 0-0 d6 6. h3 a6 7. a4 Ba7 8. Be3 0-0 9. c3 Ne7 10. Nbd2 Ng6 11. d4 c6 12. Re1 h6 13. b4 Qc7 14. Qb3 b5 15. Bd3 Be6 16. c4 bxc4 17. Bxc4 d5 18. exd5 cxd5 19. Bxa6 e4 20. Nh2 Bb8 21. Nhf1 Rxa6 22. b5 Ra5 23. Qb4 Ra8 24. a5 Nd7 25. Nb3 f5 26. Nc5 Qd6 27. Qb2 f4 28. Bd2 Nh4 29. Bb4 Bxh3 30. Nxd7 Qxd7 31. Bxf8 Qg4 0-1

[Event "BRA-ch U16"]
[Site "Florianopolis"]
[Date "2021.07.03"]
[Round "4"]
[White "Moreira, Nickolas Misturini"]
[Black "Luz, Christian Oliveira"]
[Result "1-0"]
[WhiteElo "1800"]
[BlackElo "1454"]
[PlyCount "65"]
[EventDate "2021.07.01"]
[EventType "swiss"]
[EventRounds "6"]
[EventCountry "BRA"]
[SourceTitle "CBM 203 Extra"]
[Source "ChessBase"]
[SourceDate "2021.09.30"]
[SourceVersion "1"]
[SourceVersionDate "2021.09.30"]
[SourceQuality "1"]

1. e4 e5 2. Nf3 Nc6 3. Bc4 Nf6 4. c3 d6 5. 0-0 Be7 6. d3 0-0 7. Bb3 Na5 8. Bc2 b5 9. h3 h6 10. Re1 c6 11. d4 Qc7 12. Nbd2 Be6 13. Nf1 Nc4 14. b3 Nb6 15. Ng3 a5 16. Qe2 Rfe8 17. dxe5 dxe5 18. Be3 Bd6 19. Rad1 Rad8 20. Nh4 Nc8 21. Nhf5 Be7 22. Qf3 Bxf5 23. Nxf5 Kh7 24. Qg3 Bf8 25. f4 Rxd1 26. Rxd1 Nh5 27. Qg4 Nxf4 28. Nxh6 gxh6 29. Rd7 Qb8 30. Rxf7+ Kh8 31. Bxf4 exf4 32. Qg6 Bc5+ 33. Kh1 1-0